[Event "Alsace-Baden"]
[Site "Wittelsheim"]
[Date "2013.09.22"]
[Round "25"]
[White "Ast, Bernhard"]
[Black "Laverdet, Tristan"]
[Result "0-1"]
[WhiteElo "1967"]
[BlackElo "2010"]
[PlyCount "120"]
[EventDate "2013.09.22"]
[WhiteTeam "Baden"]
[BlackTeam "Alsace"]
[WhiteTeamCountry "GER"]
[BlackTeamCountry "FRA"]

1. e4 c5 2. Nf3 e6 3. d4 cxd4 4. Nxd4 Nf6 5. Bd3 d5 6. e5 Nfd7 7. Qe2 Qb6 8. c3
Bc5 9. Nb3 Nc6 10. Bf4 d4 11. O-O a6 12. N1d2 dxc3 13. bxc3 g5 14. Nc4 Qd8 15.
Nxc5 gxf4 16. Nxe6 fxe6 17. Qh5+ Kf8 18. Qh6+ Kg8 19. Qxe6+ Kg7 20. Qg4+ Kh6
21. Qxf4+ Qg5 22. Qxg5+ Kxg5 23. f4+ Kh6 24. Nd6 Nc5 25. Bc2 Rg8 26. Rf3 Bg4
27. Re3 Ne7 28. Rf1 Raf8 29. f5 Rg5 30. f6 Nd5 31. Rg3 Nd7 32. Rxg4 Rxg4 33.
Nf5+ Kg5 34. Ng7 Nf4 35. g3 Nxe5 36. h4+ Kxf6 37. Nh5+ Ke7 38. Nxf4 Rxg3+ 39.
Kh2 Rfg8 40. Re1 Kd6 41. Rd1+ Kc7 42. Ne6+ Kb6 43. Rd6+ Ka7 44. Ng5 Rxc3 45.
Bxh7 Rh8 46. Kg2 Nf3 47. Be4 Nxh4+ 48. Kf2 Rf8+ 49. Ke2 Nf5 50. Rd7 Ng3+ 51.
Kd2 Nxe4+ 52. Nxe4 Rc6 53. Nd6 Rb6 54. Kc3 Rb1 55. Kc2 Rff1 56. Rd8 b5 57. Rd7+
Kb6 58. Nc8+ Ka5 59. Na7 Rfc1+ 60. Kd2 Rd1+ 0-1

[Event "Alsace-Baden"]
[Site "Wittelsheim"]
[Date "2013.09.22"]
[Round "26"]
[White "Flick, Antoine"]
[Black "Slager, Anton"]
[Result "1-0"]
[WhiteElo "1993"]
[BlackElo "1993"]
[PlyCount "61"]
[EventDate "2013.09.22"]
[WhiteTeam "Alsace"]
[BlackTeam "Baden"]
[WhiteTeamCountry "FRA"]
[BlackTeamCountry "GER"]

1. d4 Nf6 2. Nf3 g6 3. c4 d5 4. Nc3 Bg7 5. cxd5 Nxd5 6. e4 Nxc3 7. bxc3 c6 8.
Be3 O-O 9. Be2 Nd7 10. O-O Nf6 11. Bd3 Qc7 12. Qd2 Ng4 13. e5 Nxe3 14. Qxe3 Bd7
15. Nd2 Rad8 16. f4 f5 17. Bc4+ e6 18. Rab1 Bc8 19. Be2 Rf7 20. Nf3 Bh6 21.
Rfd1 b6 22. Bc4 Re7 23. Rd2 Bb7 24. Rbd1 Kh8 25. g3 Ree8 26. Qe2 Qe7 27. h4 Rd7
28. Bb3 Red8 29. c4 Bf8 30. Qf2 Ba8 31. Ne1 {Zeit} 1-0

[Event "Alsace-Baden"]
[Site "Wittelsheim"]
[Date "2013.09.22"]
[Round "27"]
[White "Teichmann, Alexander"]
[Black "Devoille, Hugo"]
[Result "1/2-1/2"]
[WhiteElo "1862"]
[BlackElo "1986"]
[PlyCount "53"]
[EventDate "2013.09.22"]
[WhiteTeam "Baden"]
[BlackTeam "Alsace"]
[WhiteTeamCountry "GER"]
[BlackTeamCountry "FRA"]

1. e4 c5 2. c3 Nf6 3. e5 Nd5 4. d4 cxd4 5. cxd4 e6 6. Nc3 Nxc3 7. bxc3 Qc7 8.
Bd2 d6 9. f4 Nc6 10. Nf3 Bd7 11. Bd3 Be7 12. O-O h6 13. Qe2 O-O 14. Qe4 g6 15.
Rab1 Rfd8 16. h4 h5 17. exd6 Bxd6 18. Ne5 f5 19. Qf3 Bxe5 20. fxe5 Be8 21. Rb2
b6 22. Bg5 Rd7 23. Bf6 Rc8 24. Ba6 Rb8 25. Bb5 Rc8 26. Qe3 Kh7 27. Qf3 1/2-1/2

[Event "Alsace-Baden"]
[Site "Wittelsheim"]
[Date "2013.09.22"]
[Round "28"]
[White "Labadie, Jean Jacques"]
[Black "Wiesner, Paula"]
[Result "0-1"]
[WhiteElo "1970"]
[BlackElo "1855"]
[PlyCount "154"]
[EventDate "2013.09.22"]
[WhiteTeam "Alsace"]
[BlackTeam "Baden"]
[WhiteTeamCountry "FRA"]
[BlackTeamCountry "GER"]

1. d4 e6 2. c4 Bb4+ 3. Bd2 a5 4. e4 d6 5. Bd3 Nd7 6. f4 e5 7. fxe5 dxe5 8. Bxb4
axb4 9. d5 Nc5 10. Nf3 Bg4 11. O-O Nf6 12. Bc2 O-O 13. Nbd2 Qe7 14. Qe1 Nh5 15.
Qe3 Ra6 16. Nb3 Nxb3 17. Bxb3 Rg6 18. Rac1 b6 19. c5 bxc5 20. Qxc5 Qxc5+ 21.
Rxc5 Bxf3 22. Rxf3 Nf4 23. Rxf4 exf4 24. Rxc7 Rb6 25. Kf2 g5 26. Kf3 Kg7 27. e5
Kh6 28. Bc2 Rb5 29. Ke4 Rd8 30. Bb3 Kg6 31. Rc6+ Kg7 32. d6 Re8 33. Bd5 g4 34.
Rc7 Rf8 35. Bc4 Rbb8 36. Kxf4 Rbc8 37. Ba6 Ra8 38. Rc6 h5 39. Ke4 Rfe8 40. d7
Red8 41. Rc8 Kf8 42. Rxd8+ Rxd8 43. Bc8 Ke7 44. Kd5 Rg8 45. a4 bxa3 46. bxa3
Rg5 47. Ke4 Rg6 48. Kf4 Rb6 49. h3 gxh3 50. d8=Q+ Kxd8 51. Bxh3 Ra6 52. Kg5
Rxa3 53. Kxh5 Ra5 54. Kg5 Rxe5+ 55. Kf6 Re7 56. Bf5 Ke8 57. g4 Rb7 58. g5 Rb6+
59. Ke5 Ke7 60. Kd5 Rb5+ 61. Ke4 Kd6 62. g6 Rb4+ 63. Kf3 fxg6 64. Bxg6 Ke5 65.
Ke3 Rb3+ 66. Kd2 Kd4 67. Ke2 Rb6 68. Bf5 Rf6 69. Bc8 Rf7 70. Bh3 Ra7 71. Bf5
Re7+ 72. Kf3 Rf7 73. Kf4 Rf8 74. Kg5 Ke5 75. Bc2 Rg8+ 76. Kh6 Kf6 77. Bd3 Rh8+
0-1

[Event "Alsace-Baden"]
[Site "Wittelsheim"]
[Date "2013.09.22"]
[Round "29"]
[White "Chaltchi, Hussain"]
[Black "Kern, Nicholas"]
[Result "0-1"]
[WhiteElo "1753"]
[BlackElo "1940"]
[PlyCount "56"]
[EventDate "2013.09.22"]
[WhiteTeam "Baden"]
[BlackTeam "Alsace"]
[WhiteTeamCountry "GER"]
[BlackTeamCountry "FRA"]

1. d4 d5 2. e3 Nf6 3. c4 c6 4. Nc3 e6 5. a3 Bd6 6. Nf3 O-O 7. Bd3 Nbd7 8. O-O
a6 9. Re1 dxc4 10. Bxc4 b5 11. Bf1 c5 12. dxc5 Bxc5 13. g3 Bb7 14. Bg2 Qc7 15.
Bd2 Rac8 16. Rc1 Qb8 17. b4 Be7 18. Qb3 Qa8 19. Nh4 Bxg2 20. Nxg2 Ne5 21. Re2
Nf3+ 22. Kh1 Ng4 23. h3 Nge5 24. Na2 Rcd8 25. Be1 h5 26. Bc3 Nc4 27. a4 e5 28.
a5 Qc8 0-1

[Event "Alsace-Baden"]
[Site "Wittelsheim"]
[Date "2013.09.22"]
[Round "30"]
[White "Muller, Marion"]
[Black "Wiesner, Alexander"]
[Result "1/2-1/2"]
[WhiteElo "1887"]
[BlackElo "1649"]
[PlyCount "82"]
[EventDate "2013.09.22"]
[WhiteTeam "Alsace"]
[BlackTeam "Baden"]
[WhiteTeamCountry "FRA"]
[BlackTeamCountry "GER"]

1. e4 c5 2. Nf3 Nc6 3. Nc3 e6 4. d4 cxd4 5. Nxd4 Nf6 6. Ndb5 d6 7. Bf4 e5 8.
Bg5 a6 9. Bxf6 gxf6 10. Na3 b5 11. Nd5 f5 12. exf5 Bxf5 13. c3 Bg7 14. Nc2 O-O
15. Nce3 Be6 16. g3 Ne7 17. Bg2 Nxd5 18. Nxd5 Rb8 19. O-O Qd7 20. Qd3 f5 21. f4
Rbd8 22. Rad1 Kh8 23. Qe2 Rfe8 24. Qh5 e4 25. Rfe1 Qa7+ 26. Kh1 Qc5 27. Ne3 Rf8
28. Bh3 Rd7 29. a3 Rdf7 30. Rd2 d5 31. Nc2 a5 32. Nd4 Bc8 33. Qd1 b4 34. axb4
axb4 35. Nb3 Qb6 36. Rxd5 bxc3 37. Rd6 Qc7 38. bxc3 Qxc3 39. Nc1 Bb7 40. Bg2
Qb2 41. Re2 Qb5 1/2-1/2

[Event "Alsace-Baden"]
[Site "Wittelsheim"]
[Date "2013.09.22"]
[Round "31"]
[White "Kaempfe, Werner"]
[Black "Thomas, Anysia"]
[Result "0-1"]
[WhiteElo "1590"]
[BlackElo "1859"]
[PlyCount "90"]
[EventDate "2013.09.22"]
[WhiteTeam "Baden"]
[BlackTeam "Alsace"]
[WhiteTeamCountry "GER"]
[BlackTeamCountry "FRA"]

1. d4 g6 2. c4 Nf6 3. Nc3 d5 4. cxd5 Nxd5 5. e4 Nxc3 6. bxc3 Bg7 7. Bb5+ c6 8.
Be2 c5 9. Be3 Qa5 10. Qd2 Nc6 11. Nf3 O-O 12. h3 Rd8 13. Rd1 Be6 14. O-O cxd4
15. cxd4 Bxa2 16. Qb2 Be6 17. Qxb7 Bd7 18. Qa6 Qxa6 19. Bxa6 Nb4 20. Ra1 Nxa6
21. Rxa6 Bb5 22. Rfa1 Bxa6 23. Rxa6 Rd6 24. Ra4 Rb6 25. Nd2 a5 26. Nc4 Rb1+ 27.
Kh2 Rb5 28. f4 e6 29. Nd6 Rb4 30. Rxb4 axb4 31. e5 b3 32. Bc1 Ra4 33. Bb2 Bf8
34. Ne4 Ba3 35. Nc3 Bxb2 36. Nxa4 Bxd4 37. g4 b2 38. Nxb2 Bxb2 39. Kg3 g5 40.
Kf3 Bc1 41. f5 Kf8 42. Ke4 Ke7 43. Kf3 Kd7 44. h4 gxh4 45. fxe6+ Kxe6 0-1

[Event "Alsace-Baden"]
[Site "Wittelsheim"]
[Date "2013.09.22"]
[Round "32"]
[White "Blum, Pierre"]
[Black "Lohrmann, Tabea"]
[Result "1-0"]
[WhiteElo "1732"]
[BlackElo "1547"]
[PlyCount "73"]
[EventDate "2013.09.22"]
[WhiteTeam "Alsace"]
[BlackTeam "Baden"]
[WhiteTeamCountry "FRA"]
[BlackTeamCountry "GER"]

1. e4 e5 2. Nf3 Nc6 3. Bc4 Bc5 4. O-O Nf6 5. d4 Bxd4 6. Nxd4 Nxd4 7. Bg5 h6 8.
Bh4 O-O 9. f4 Nc6 10. fxe5 Nxe5 11. Bb3 Neg4 12. Qf3 Ne5 13. Qg3 Nh5 14. Qf2
Qe8 15. Qe2 g6 16. Nc3 d6 17. Nd5 Qd7 18. h3 c6 19. Nf6+ Nxf6 20. Bxf6 Qc7 21.
Qe3 Kh7 22. Rad1 a5 23. a3 b6 24. Qd4 Ba6 25. Rf2 Rac8 26. Qxd6 Qxd6 27. Rxd6
Nc4 28. Rd7 b5 29. Bxc4 bxc4 30. Be7 Rfe8 31. Rxf7+ Kg8 32. Bf6 Rxe4 33. Rg7+
Kf8 34. Rh7 Re1+ 35. Kh2 Rh1+ 36. Kxh1 Rd8 37. Rh8# 1-0